|
|
|
|
| LEADER |
00000nam2a2200000 4500 |
| 001 |
353336 |
| 005 |
20231102010601.0 |
| 035 |
|
|
|a (RuTPU)RU\TPU\retro\10550
|
| 035 |
|
|
|a RU\TPU\retro\10545
|
| 090 |
|
|
|a 353336
|
| 100 |
|
|
|a 20200327d1970 k y0rusy50 ca
|
| 101 |
0 |
|
|a rus
|
| 102 |
|
|
|a RU
|
| 200 |
0 |
|
|a № 315: Обработка металлов давлением и сварка
|e [сборник]
|f под ред. В. С. Смирнова
|
| 210 |
|
|
|a Ленинград
|c Машиностроение
|d 1969
|
| 215 |
|
|
|a 242 стр.
|
| 461 |
|
1 |
|0 (RuTPU)RU\TPU\retro\9721
|t Труды Ленинградского политехнического института имени М. И. Калинина
|o [сборник]
|f Ленинградский политехнический институт им. М. И. Калинина (ЛПИ)
|v № 315: Обработка металлов давлением и сварка
|d 1941-
|
| 606 |
1 |
|
|a Сварка давлением
|2 stltpush
|3 (RuTPU)RU\TPU\subj\72603
|9 86044
|
| 610 |
1 |
|
|a металлы
|
| 610 |
1 |
|
|a кремнистое железо
|
| 610 |
1 |
|
|a текстуры
|
| 610 |
1 |
|
|a боковое давление
|
| 610 |
1 |
|
|a металлические порошки
|
| 610 |
1 |
|
|a прессование
|
| 610 |
1 |
|
|a биметаллы
|
| 610 |
1 |
|
|a прокатка
|
| 610 |
1 |
|
|a прокатка
|
| 610 |
1 |
|
|a калибровка
|
| 610 |
1 |
|
|a деформации
|
| 610 |
1 |
|
|a сварочное производство
|
| 610 |
1 |
|
|a охрупчивание
|
| 610 |
1 |
|
|a титановые сплавы
|
| 610 |
1 |
|
|a плазменное нанесение
|
| 610 |
1 |
|
|a сварные швы
|
| 610 |
1 |
|
|a электродуговая сварка
|
| 610 |
1 |
|
|a жаропрочные стали
|
| 610 |
1 |
|
|a уплотнительные поверхности
|
| 610 |
1 |
|
|a испытательные установки
|
| 702 |
|
1 |
|a Смирнов
|b В. С.
|4 340
|
| 801 |
|
1 |
|a RU
|b 63413507
|c 20160623
|
| 801 |
|
2 |
|a RU
|b 63413507
|c 20200208
|g RCR
|
| 801 |
|
2 |
|a RU
|b 63413507
|c 20210701
|g RCR
|
| 942 |
|
|
|c BK
|